<?xml version="1.0" encoding="UTF-8"?>
<record
    xmlns:xsi="http://www.w3.org/2001/XMLSchema-instance"
    xsi:schemaLocation="http://www.loc.gov/MARC21/slim http://www.loc.gov/standards/marcxml/schema/MARC21slim.xsd"
    xmlns="http://www.loc.gov/MARC21/slim">

  <leader>00612nam a22001217a 4500</leader>
  <datafield tag="040" ind1=" " ind2=" ">
    <subfield code="c">RUA</subfield>
  </datafield>
  <datafield tag="082" ind1=" " ind2=" ">
    <subfield code="a">VEM CHH 2025 B705 Or.1</subfield>
  </datafield>
  <datafield tag="100" ind1=" " ind2=" ">
    <subfield code="a">CHHAY CHANSETH, &#x1786;&#x17B6;&#x1799; &#x1785;&#x17D0;&#x1793;&#x17D2;&#x1791;&#x179F;&#x17B7;&#x1791;&#x17D2;&#x1792;</subfield>
  </datafield>
  <datafield tag="245" ind1=" " ind2=" ">
    <subfield code="a">Case Of Esherichia Coli On Canine With Parvovirus At Veterinary Clinic in Krong Takhmau, Kandal Province, &#x1780;&#x179A;&#x178E;&#x17B8; Esherichia Coli &#x179B;&#x17BE;&#x179F;&#x17BB;&#x1793;&#x1781;&#x1780;&#x17BE;&#x178F; Parvovirus &#x1793;&#x17C5;&#x1782;&#x17D2;&#x179B;&#x17B8;&#x1793;&#x17B7;&#x1780;&#x179F;&#x178F;&#x17D2;&#x179C; &#x1780;&#x17D2;&#x1793;&#x17BB;&#x1784;&#x1780;&#x17D2;&#x179A;&#x17BB;&#x1784;&#x178F;&#x17B6;&#x1781;&#x17D2;&#x1798;&#x17C5; &#x1781;&#x17C1;&#x178F;&#x17D2;&#x178F;&#x1780;&#x178E;&#x17D2;&#x178A;&#x17B6;&#x179B;</subfield>
  </datafield>
  <datafield tag="260" ind1=" " ind2=" ">
    <subfield code="a">PHNOM PENH</subfield>
    <subfield code="b">RUA</subfield>
    <subfield code="c">2025</subfield>
  </datafield>
  <datafield tag="300" ind1=" " ind2=" ">
    <subfield code="a">x,49p.</subfield>
    <subfield code="b">ill.</subfield>
    <subfield code="c">29cm.</subfield>
  </datafield>
  <datafield tag="942" ind1=" " ind2=" ">
    <subfield code="c">&#x179F;&#x17B6;&#x179A;&#x178E;&#x17B6;&#x1794;&#x1791;</subfield>
  </datafield>
  <datafield tag="999" ind1=" " ind2=" ">
    <subfield code="c">25584</subfield>
    <subfield code="d">25584</subfield>
  </datafield>
  <datafield tag="952" ind1=" " ind2=" ">
    <subfield code="0">0</subfield>
    <subfield code="1">0</subfield>
    <subfield code="4">0</subfield>
    <subfield code="6">VEM_CHH_2025_000000000000000_B705_OR_1</subfield>
    <subfield code="7">0</subfield>
    <subfield code="9">106020</subfield>
    <subfield code="a">LBB</subfield>
    <subfield code="b">LBB</subfield>
    <subfield code="c">B705</subfield>
    <subfield code="d">2026-03-17</subfield>
    <subfield code="o">VEM CHH 2025 B705 Or.1</subfield>
    <subfield code="p">B7121198</subfield>
    <subfield code="r">2026-03-17</subfield>
    <subfield code="y">&#x179F;&#x17B6;&#x179A;&#x178E;&#x17B6;&#x1794;&#x1791;</subfield>
  </datafield>
  <datafield tag="952" ind1=" " ind2=" ">
    <subfield code="0">0</subfield>
    <subfield code="1">0</subfield>
    <subfield code="4">0</subfield>
    <subfield code="6">VEM_CHH_2025_000000000000000_B705_OR_2</subfield>
    <subfield code="7">0</subfield>
    <subfield code="9">106021</subfield>
    <subfield code="a">LBB</subfield>
    <subfield code="b">LBB</subfield>
    <subfield code="c">B705</subfield>
    <subfield code="d">2026-03-17</subfield>
    <subfield code="o">VEM CHH 2025 B705 Or.2</subfield>
    <subfield code="p">B7121209</subfield>
    <subfield code="r">2026-03-17</subfield>
    <subfield code="y">&#x179F;&#x17B6;&#x179A;&#x178E;&#x17B6;&#x1794;&#x1791;</subfield>
  </datafield>
</record>
